=LDR 00000nam 2200000 4500 =001 INLIS000000000023576 =005 20130612122228 =008 ***********************************Ind** =035 ##$$0010-061300000023576 =041 ##$$a Ind =082 ##$$a 658 =090 ##$$a 658, Hit m =100 ##$$a Hitt, Michael A =245 ##$$a Manajemen strategis, Daya saing dan globalisasi, Michael A. Hitt =260 ##$$a 2004 $b Jakarta =300 ##$$a 331 hlm, 24 cm =650 ##$$a Manajemen =850 ##$$a NBPNMAT =990 ##$$a 0001/BPAP-NTB/20142015 =990 ##$$a 76127612 =990 ##$$a 01201707612 =990 ##$$a 0001/BPAP-NTB/20142015 =990 ##$$a 54935493 =990 ##$$a 01201805493 =990 ##$$a 0001/BPAP-NTB/20142015 =990 ##$$a 01201707612